Auditing and Assurance: (Record no. 175624)

MARC details
000 -LEADER
fixed length control field 00860nam a22002417a 4500
005 - DATE AND TIME OF LATEST TRANSACTION
control field 20200911111853.0
010 ## - LCCN (DPL NO)
LC control number ENG-128413
020 ## - INTERNATIONAL STANDARD BOOK NUMBER
Terms of availability 599.00
International Standard Book Number 9789353942199
035 ## - SYSTEM CONTROL NUMBER
System control number EN-111945
037 ## - SOURCE OF ACQUISITION
Source of stock number/acquisition DBAD/PUB
082 ## - DEWEY DECIMAL CLASSIFICATION NUMBER
Classification number 657.45
100 ## - MAIN ENTRY--PERSONAL NAME
Personal name Basu, Sanjib Kumar
245 ## - TITLE STATEMENT
Title Auditing and Assurance:
Remainder of title For CA IPCC and B.Com/
Statement of responsibility, etc by Sanjib Kumar Basu: edited by Varun Goenka, Jigyasa Bhatia and G. Sharmilee
250 ## - EDITION STATEMENT
Edition statement 3rd edition
260 ## - PUBLICATION, DISTRIBUTION, ETC. (IMPRINT)
Place of publication, distribution, etc Noida
Name of publisher, distributor, etc Pearson
Date of publication, distribution, etc 2020
270 ## - ADDRESS
Address 15th floor,Tower-B,Word Trade Tower,Plot no.1,Block-C sec 16,
City Noida
Postal code 201301
Telephone number 04466540100
Electronic mail address companysecretary.india@pearson.com
300 ## - PHYSICAL DESCRIPTION
Extent xxiii;593p.
Dimensions 23.5cm(pbk)
Other physical details Tables
500 ## - GENERAL NOTE
General note Includes Index, Annexure A and B.
700 ## - ADDED ENTRY--PERSONAL NAME
Personal name Goenka, Varun
700 ## - ADDED ENTRY--PERSONAL NAME
Personal name Bhatia, Jigyasa
700 ## - ADDED ENTRY--PERSONAL NAME
Personal name Sharmilee, G.
942 ## - ADDED ENTRY ELEMENTS (KOHA)
Source of classification or shelving scheme Dewey Decimal Classification
Item type English Books
Classification part 657.45
Call number suffix BAS
Holdings
Withdrawn status Lost status Not for loan Collection code Home library Current library Date acquired Source of acquisition Cost, normal purchase price Full call number Barcode Cost, replacement price Koha item type
      Non-fiction Sarojini Nagar Sarojini Nagar 11/09/2020 DBAD/PUB 599.00 657.45 BAS EN-111945 599.00 English Books

© Delhi Public Library
Hit Counter
free hit counter